Management inovací /

Saved in:
Bibliographic Details
Main Author: Veber, Jaromír (Author)
Format: Book
Language:Czech
Published: Praha Management Press 2016
Subjects:
Tags: Add Tag
No Tags, Be the first to tag this record!

MARC

LEADER 00000nam a22000003a 4500
001 0030172
003 SK-STU
005 20180115143819.8
007 ta
008 180115s ----xo-----e------000-0-----d
020 |a 978-80-7261-423-3 
040 |a STU  |b slo 
041 0 |a cze 
044 |a xr 
100 1 |a Veber, Jaromír  |4 aut 
245 1 0 |a Management inovací /  |c aut. Jaromír Veber a kol. 
260 |a Praha  |b Management Press  |c 2016 
300 |a 288 s. 
650 0 7 |a inovačný manažment 
996 |b 284M087575  |c M* 14071-1  |l MMKN  |s A  |a 24  |w 0030172_0001